La civilización romana: vida, costumbres, leyes, artes

Guardat en:
Dades bibliogràfiques
Autor principal: Grimal, Pierre (Autor)
Format: Llibre
Idioma:espanyol
Publicat: Barcelona Paidós 1999
Col·lecció:Paidós Orígenes
Matèries:
Etiquetes: Afegir etiqueta
Sense etiquetes, Sigues el primer a etiquetar aquest registre!

MARC

LEADER 00000nam a2200000 a 4500
001 UCN7535
003 CL-VaPUC
008 011018e19990000SP |||||||||||||||||spa|d
020 |a 8449306876 
082 0 4 |a 937  |b GRI  |2 21 
100 |a Grimal, Pierre  |e author  |9 597164 
245 1 3 |a La civilización romana: vida, costumbres, leyes, artes 
300 |a 332 p 
942 |c BK 
945 |d 20011018 00:00:00  |a crobeson 
260 |a Barcelona  |b Paidós  |c 1999 
650 0 |a Civilización   |9 255823 
650 0 |a Historia  |9 255047 
650 7 |a ORIGEN  |2 CL-VaPUC  |9 373505 
650 7 |a ORGANIZACION POLITICA  |2 CL-VaPUC  |9 257437 
650 0 |a República  |9 310048 
650 7 |a IMPERIO  |2 CL-VaPUC  |9 255149 
650 0 |a Población  |9 257577 
650 7 |a COSTUMBRE  |2 CL-VaPUC  |9 371254 
650 0 |a Leyes  |9 256670 
650 7 |a TIERRAS  |2 CL-VaPUC  |9 357983 
650 0 |a Villas  |9 344644 
651 7 |a IMPERIO ROMANO  |2 CL-VaPUC  |9 463429 
583 |a last modification  |c 20011018 00:00:00  |k Rodrigo Vera 
490 0 |a Paidós Orígenes 
999 |c 297781  |d 297779 
952 |0 0  |1 0  |4 0  |6 937_000000000000000_GRI_1999  |7 0  |8 A  |9 352766  |a BIBHIS  |b BIBHIS  |d 2019-11-21  |i 3747697  |o 937 GRI 1999  |p 3747697  |r 2025-01-20  |w 2019-11-21  |y BK  |k HIS 
952 |0 0  |1 0  |4 0  |6 937_000000000000000_GRI_1999  |7 0  |8 A  |9 352767  |a BIBHIS  |b BIBHIS  |d 2019-11-21  |i 4148886  |o 937 GRI 1999  |p 4148886  |r 2025-01-20  |w 2019-11-21  |y BK  |k HIS